№ 3 (76); Научный вестник НГТУ

Detalhes bibliográficos
Parent link:Научный вестник НГТУ: [сборник статей]/ Новосибирский государственный технический университет. № 3 (76).— , 1998-2020
Idioma:russo
inglês
Publicado em: 2019
Assuntos:
Formato: Livro
KOHA link:https://koha.lib.tpu.ru/cgi-bin/koha/opac-detail.pl?biblionumber=344161

MARC

LEADER 00000nam2a2200000 4500
001 344161
005 20231102005632.0
035 |a (RuTPU)RU\TPU\book\375405 
035 |a RU\TPU\book\373041 
090 |a 344161 
100 |a 20200110d2019 k y0rusy50 ca 
101 0 |a rus  |a eng 
102 |a RU 
105 |a a z 001zy 
200 0 |a № 3 (76) 
210 |d 2019 
215 |a 171 с.  |c ил. 
320 |a Библиография в конце статей 
461 1 |0 (RuTPU)RU\TPU\book\44599  |t Научный вестник НГТУ  |o [сборник статей]  |f Новосибирский государственный технический университет  |v № 3 (76)  |d 1998-2020 
606 1 |a Технические системы  |x Автоматика  |2 stltpush  |3 (RuTPU)RU\TPU\subj\67451  |9 83244 
610 1 |a информатика 
610 1 |a вычислительная техника 
610 1 |a управление 
610 1 |a приборостроение 
610 1 |a метрология 
610 1 |a информационно-измерительные приборы 
610 1 |a информационно-измерительные системы 
610 1 |a энергетика 
610 1 |a подземные воды 
610 1 |a химические вещества 
610 1 |a миграция 
610 1 |a многостадийные превращения 
610 1 |a математическое моделирование 
610 1 |a нефтяные скважины 
610 1 |a индикаторные режимы 
610 1 |a поднасосные телеметрические системы 
610 1 |a непрерывные записи 
610 1 |a базы данных 
610 1 |a структурированные sql-запросы 
610 1 |a микророботы 
610 1 |a аналитический синтез 
610 1 |a условия неопределенности 
610 1 |a теплоэнергетическое оборудование 
610 1 |a математические модели 
610 1 |a идентификация 
610 1 |a точность 
610 1 |a статистические тесты 
610 1 |a NIST 
610 1 |a колебательные системы 
610 1 |a ультразвуковое распылительное оборудование 
610 1 |a генерирующий потребитель 
610 1 |a роевой интеллект 
610 1 |a возобновляемая энергетика 
610 1 |a ненасыщенные электромагнитные двигатели 
610 1 |a электропотребление 
610 1 |a прогноз 
610 1 |a оптовый рынок энергии и мощности 
675 |a 681.51  |v 4 
801 1 |a RU  |b 63413507  |c 20170831 
801 2 |a RU  |b 63413507  |c 20231009  |g RCR 
942 |c BK